Open Data Biblioteca Nacional de Portugal


República Portuguesa: Ministério da Cultura
Biblioteca Nacional de Portugal

Catálogo da BNP: acesso por Identificadores Unívocos
Registos Bibliográficos associados ao registo de autoridade

Etiqueta de registo: 00254nam 2200025 450
001 2283411
003 http://id.bnportugal.gov.pt/bib/catbnp/2283411
010 ## $a978-989-9108-76-9
021 ## $aPT$b550708/25
100 ## $a20260401d2026 a y0pory01030103ba
101 1# $apor$cfre
102 ## $aPT
105 ## $aa t 000yy
106 ## $ar
200 1# $a O deus selvagem$fargumento Vehlmann$gdes. Roger$gtrad. Ricardo Magalhães Pereira
205 ## $a1ª ed
210 #9 $aBenavente$cAla dos Livros,$d2026
215 ## $a108, [20] p.$ctodo il.$d34 cm
304 ## $aTít. orig.: Le Dieu-fauve
700 #0 $aVehlmann,$f1972-$31364352
702 #0 $aRoger,$f1972-$4727$31994487
702 #1 $aPereira,$bRicardo Magalhães$4730$31409838
801 #0 $aPT$bBN$gRPC
966 ## $lBN$mFGMON$x1
966 ## $lBN$mFGMON$x1
971 ## $cabrito$d20260401

OpendataBNP@bnportugal.pt | Mais informação sobre acesso aos dados BNP